000
00260nam a2200097Ia 4500
008
120527s9999 xx 000 0 und d
100
_a
MCMURTRY, J.
245
_a
Unequal freedoms the global market as an ethical systems
260
_b
Kumanian Press
942
_c
BK
999
_c
25506
_d
25506